书目信息 |
| 题名: |
汽车道路驾驶禁忌
|
|
| 作者: | 支树模 , 席金波 主编 | |
| 分册: | ||
| 出版信息: | 北京 人民交通出版社 2006.01 |
|
| 页数: | 191页 | |
| 开本: | 24cm | |
| 丛书名: | “汽车驾驶技师答疑”书系 | |
| 单 册: | ||
| 中图分类: | U471.1-44 | |
| 科图分类: | ||
| 主题词: | 汽车--qi che--驾驶技术--问答 | |
| 电子资源: | ||
| ISBN: | 7-114-05842-X | |
| 000 | 01008nam 2200265 450 | |
| 001 | 012007790570 | |
| 005 | 20070929101320.54 | |
| 010 | @a7-114-05842-X@dCNY20.00 | |
| 100 | @a20070724d2006 km y0chiy0120 ea | |
| 101 | 0 | @achi |
| 102 | @aCN@b110000 | |
| 105 | @aa a 000yy | |
| 200 | 1 | @a汽车道路驾驶禁忌@Aqi che dao lu jia shi jin ji@f支树模, 席金波主编@Fzhi shu mo,xi jin bo zhu bian |
| 210 | @a北京@c人民交通出版社@d2006.01 | |
| 215 | @a191页@c图@d24cm | |
| 225 | 0 | @a“汽车驾驶技师答疑”书系@A“qi che jia shi ji shi da yi”shu xi |
| 320 | @a有书目 (第191页)。 | |
| 330 | @a本书主要围绕汽车的基本驾驶、常规驾驶、特殊路段驾驶、特殊道路驾驶等操作及禁忌内容设问作答,并适当地介绍了一些应急驾驶的处理、汽车运行材料、汽车行车故障诊断与排除等方面的知识。 | |
| 410 | 0 | @12001 @a汽车驾驶技师答疑书系 |
| 606 | 0 | @a汽车@Aqi che@x驾驶技术@j问答 |
| 690 | @aU471.1-44@v4 | |
| 701 | 0 | @a支树模@Azhi shu mo@4主编 |
| 701 | 0 | @a席金波@Axi jin bo@4主编 |
| 801 | 0 | @aCN@c20070929 |
| 905 | @dU471.1-44@eZ467 | |
| 汽车道路驾驶禁忌/支树模, 席金波主编.-北京:人民交通出版社,2006.01 |
| 191页:图;24cm.-(“汽车驾驶技师答疑”书系) |
| ISBN 7-114-05842-X:CNY20.00 |
| 本书主要围绕汽车的基本驾驶、常规驾驶、特殊路段驾驶、特殊道路驾驶等操作及禁忌内容设问作答,并适当地介绍了一些应急驾驶的处理、汽车运行材料、汽车行车故障诊断与排除等方面的知识。 |
| ● |
| 相关链接 |
|
|
|
正题名:汽车道路驾驶禁忌
索取号:U471.1-44/Z467
 
预约/预借
| 序号 | 登录号 | 条形码 | 馆藏地/架位号 | 状态 | 备注 |
| 1 | 249000 | 202490009 | 自科库501/501自科库 56排7列3层/ [索取号:U471.1-44/Z467] | 在馆 |